[Event "AUTO-OPEN-4624"]
[Site "http://www.queenalice.com/game.php?id=1865591"]
[Date "2025.11.15"]
[Round "1"]
[White "Eder_Dionatan_Silva_Machado"]
[Black "tariann"]
[Result "1-0"]
[WhiteElo "1577"]
[BlackElo "2297"]

1. e4 e5 2. Nf3 Nc6 3. Bb5 Nf6 4. O-O Bc5 5. Nxe5 Bxf2+ 6. Rxf2 Nxe5 7. d4 Nc6
8. Bxc6 bxc6 9. Bg5 d6 10. Nc3 Qe7 11. Qe1 Qe6 12. d5 cxd5 13. exd5 Qxe1+ 14.
Rxe1+ Kf8 15. Nb5 Nxd5 16. Rfe2 Bd7 17. Be7+ Nxe7 18. Rxe7 Bxb5 19. Rxc7 Re8 20.
Rd1 Rd8 21. Rxa7 g6 22. Rb7 Bc4 23. b3 Be6 24. a4 Kg7 25. a5 d5 26. a6 d4 27. a7
Bd5 28. Rxd4 1-0

[Event "AUTO-OPEN-4624"]
[Site "http://www.queenalice.com/game.php?id=1865592"]
[Date "2025.11.15"]
[Round "1"]
[White "tariann"]
[Black "BeatifulDevil56"]
[Result "1-0"]
[WhiteElo "2313"]
[BlackElo "2110"]

1. e4 e6 2. d4 d5 3. Nc3 Bb4 4. e5 c5 5. Nf3 Bxc3+ 6. bxc3 c4 7. Be2 f6 8. O-O
Nc6 9. Re1 a5 10. exf6 gxf6 11. Nh4 Kd7 12. Bg4 f5 13. Qe2 fxg4 14. Qxg4 Qf6 15.
Bg5 Qf7 16. Re2 Nf6 17. Qf3 Rf8 18. Bh6 Rg8 19. Rae1 Nd8 20. Bf4 Qh5 21. Qe3
Qxh4 22. Qe5 b5 23. Bg3 Qh6 24. Qd6+ Ke8 25. Re5 Qg7 26. Qc5 Qd7 27. f4 Qc6 28.
Qa3 Bd7 29. Qc1 Rxg3 30. hxg3 1-0

[Event "AUTO-OPEN-4624"]
[Site "http://www.queenalice.com/game.php?id=1865593"]
[Date "2025.11.15"]
[Round "1"]
[White "BeatifulDevil56"]
[Black "tariann"]
[Result "0-1"]
[WhiteElo "2162"]
[BlackElo "2290"]

1. c4 e5 2. Nc3 f5 3. e4 d6 4. d3 Nf6 5. Bg5 Be7 6. Bxf6 Bxf6 7. exf5 Bxf5 8.
Qb3 O-O 9. O-O-O Nd7 10. c5+ Kh8 11. cxd6 cxd6 12. Qxb7 Nc5 13. Qf3 Qd7 14. Nge2
Bg5+ 15. Kb1 Bxd3+ 16. Rxd3 Rxf3 17. Rxf3 d5 18. Ng3 h6 0-1

[Event "AUTO-MASTER-3289"]
[Site "http://www.queenalice.com/game.php?id=1866180"]
[Date "2025.11.26"]
[Round "1"]
[White "Capixaba789"]
[Black "tariann"]
[Result "0-1"]
[WhiteElo "1772"]
[BlackElo "2299"]

1. d4 d5 2. Nc3 Nf6 3. f4 e6 4. Nf3 Be7 5. e3 O-O 6. Bd3 c5 7. dxc5 Bxc5 8. O-O
Nc6 9. Nd4 Nxd4 10. exd4 Bxd4+ 11. Kh1 Bb6 12. Qf3 Qc7 13. Bd2 Bd7 14. a3 Bc6
15. Qg3 Rfe8 16. Rae1 Rad8 17. Nd1 Ne4 18. Bxe4 dxe4 19. Bc3 Bd4 20. Bxd4 Rxd4
21. Ne3 Rd2 22. Rf2 Red8 23. h3 f5 24. Nc4 Rxf2 25. Qxf2 Bb5 26. Ne5 Qd6 27.
Qxa7 Qd2 0-1

[Event "AUTO-MASTER-3289"]
[Site "http://www.queenalice.com/game.php?id=1866181"]
[Date "2025.11.26"]
[Round "1"]
[White "tariann"]
[Black "Capixaba789"]
[Result "1-0"]
[WhiteElo "2298"]
[BlackElo "1778"]

1. e4 e5 2. Nf3 d6 3. Bc4 Be7 4. O-O Nf6 5. Re1 O-O 6. h3 Be6 7. Bxe6 fxe6 8. c3
c5 9. d4 cxd4 10. cxd4 exd4 11. Nxd4 Nc6 12. Nxe6 Qd7 13. Nxf8 Rxf8 14. Nc3 Qe8
15. Nd5 Nxd5 16. exd5 Ne5 17. Be3 a6 18. Bd4 Bf6 19. f4 Bh4 20. Re2 Rxf4 21. Rc1
h6 22. Bxe5 dxe5 23. d6 Rd4 24. Qxd4 1-0

[Event "AUTO-MASTER-3289"]
[Site "http://www.queenalice.com/game.php?id=1866194"]
[Date "2025.11.26"]
[Round "1"]
[White "Diego_Silveira"]
[Black "tariann"]
[Result "1-0"]
[WhiteElo "2062"]
[BlackElo "2251"]

1. Nf3 d5 2. c4 d4 3. e3 c5 4. exd4 cxd4 5. d3 Nc6 6. Bf4 e6 7. Be2 Bb4+ 8. Nbd2
Nf6 9. O-O O-O 10. a3 Bd6 11. Bxd6 Qxd6 12. b4 e5 13. c5 Qc7 14. Nc4 Bf5 15. Nd6
Bg6 16. Nd2 b6 17. Rc1 bxc5 18. bxc5 1-0

[Event "AUTO-MASTER-3289"]
[Site "http://www.queenalice.com/game.php?id=1866195"]
[Date "2025.11.26"]
[Round "1"]
[White "tariann"]
[Black "Diego_Silveira"]
[Result "0-1"]
[WhiteElo "2233"]
[BlackElo "2086"]

1. e4 c6 2. d4 d5 3. Nc3 dxe4 4. Nxe4 Nf6 5. Nxf6+ gxf6 6. Nf3 Bf5 7. Bc4 e6 8.
O-O Nd7 9. Re1 Be7 10. Bf4 Rg8 11. Bb3 Bh3 12. Bg3 Bg4 13. c4 Qb6 14. d5 cxd5
15. cxd5 e5 16. Qd3 Nc5 17. Qxh7 O-O-O 0-1

[Event "AUTO-MASTER-3289"]
[Site "http://www.queenalice.com/game.php?id=1866204"]
[Date "2025.11.26"]
[Round "1"]
[White "tariann"]
[Black "Pipo712"]
[Result "0-1"]
[WhiteElo "2313"]
[BlackElo "2039"]

1. e4 c5 2. Nf3 d6 3. d4 cxd4 4. Nxd4 Nf6 5. Nc3 a6 6. Be2 e5 7. Nb3 Be7 8. O-O
Be6 9. Be3 O-O 10. Qd2 Nbd7 11. Rad1 Qc7 12. f4 exf4 13. Bxf4 Ne5 14. Bxe5 dxe5
15. Kh1 Rfd8 16. Qe3 b5 17. a3 Rxd1 18. Rxd1 Rc8 19. h3 h6 20. Nd5 Bxd5 21. exd5
Bd6 22. c3 Rd8 23. Bf3 Re8 24. Nc1 e4 25. Be2 Bc5 26. Qd2 e3 27. Qe1 Ne4 28. Nd3
Nf2+ 29. Nxf2 exf2 30. Qd2 Qg3 0-1

[Event "AUTO-MASTER-3289"]
[Site "http://www.queenalice.com/game.php?id=1866205"]
[Date "2025.11.26"]
[Round "1"]
[White "Pipo712"]
[Black "tariann"]
[Result "0-1"]
[WhiteElo "2062"]
[BlackElo "2315"]

1. e4 e5 2. Nf3 Nc6 3. Bb5 f5 4. d3 Nf6 5. Nc3 d6 6. a3 Be7 7. O-O O-O 8. Bc4+
Kh8 9. Ng5 Qe8 10. b4 a6 11. b5 axb5 12. Nxb5 Bd8 13. c3 Bd7 14. Qb3 Na5 15. Qb4
Nxc4 16. dxc4 fxe4 17. Re1 Qg6 18. Qb1 Bc6 19. Be3 Ng4 20. Nh3 Bd7 21. Qc1 c6
22. Na7 Nxe3 0-1

[Event "AUTO-MASTER-3275"]
[Site "http://www.queenalice.com/game.php?id=1866498"]
[Date "2025.12.4"]
[Round "2"]
[White "tariann"]
[Black "JailtonMaster"]
[Result "1-0"]
[WhiteElo "2305"]
[BlackElo "2176"]

1. e4 e5 2. Nf3 Nc6 3. Bb5 a6 4. Bxc6 dxc6 5. O-O Bd6 6. c3 Nf6 7. Re1 O-O 8. d4
Bg4 9. Nbd2 Re8 10. Nf1 Qd7 11. h3 Bh5 12. Ng3 Bg6 13. Nh4 exd4 14. cxd4 Bxg3
15. fxg3 Bxe4 16. Bg5 Nd5 17. Bf4 Nxf4 18. gxf4 Rad8 19. Qb3 b6 20. Rad1 Qe7 21.
Nf3 Qd6 22. Ne5 Re7 23. Rxe4 c5 24. d5 f6 25. Nc4 Qd7 26. Rxe7 Qxe7 27. d6 Qf7
28. dxc7 1-0

[Event "AUTO-MASTER-3275"]
[Site "http://www.queenalice.com/game.php?id=1866499"]
[Date "2025.12.4"]
[Round "2"]
[White "JailtonMaster"]
[Black "tariann"]
[Result "0-1"]
[WhiteElo "2189"]
[BlackElo "2305"]

1. d4 d5 2. c4 e6 3. Nf3 Nf6 4. Nc3 c5 5. e3 Nc6 6. Be2 Bd6 7. O-O O-O 8. cxd5
exd5 9. dxc5 Bxc5 10. a3 Ne4 11. Nxd5 Be6 12. Nf4 Qf6 13. Nxe6 Qxe6 14. b4 Bd6
15. Bb2 Rfd8 16. Qb3 Qxb3 0-1

[Event "AUTO-MASTER-3275"]
[Site "http://www.queenalice.com/game.php?id=1866500"]
[Date "2025.12.4"]
[Round "2"]
[White "tariann"]
[Black "cerenzo72"]
[Result "1-0"]
[WhiteElo "2304"]
[BlackElo "2208"]

1. e4 e5 2. Nf3 d6 3. Bc4 Be7 4. c3 a6 5. O-O b5 6. Bb3 c5 7. d4 c4 8. Bc2 Qc7
9. h3 Nf6 10. Re1 O-O 11. Nbd2 exd4 12. cxd4 Bb7 13. Nf1 Nbd7 14. Ng3 g6 15. Bg5
Rfe8 16. Rc1 Rad8 17. Qd2 Bf8 18. Qf4 Bg7 19. e5 dxe5 20. dxe5 Nd5 21. Qh4 f6
22. Bh6 Nxe5 23. Nxe5 fxe5 24. Bxg7 Kxg7 25. Ne4 Qe7 26. Qg3 Nf4 27. b3 Nd3 28.
Bxd3 Rxd3 29. Qg4 cxb3 30. Nc5 Rd4 31. Qe2 bxa2 32. Qxa2 Rdd8 33. f4 e4 34. Nd3
e3 35. Qb2+ Kg8 36. Ne5 Rd2 37. Rc2 Rxc2 38. Qxc2 Rc8 39. Qb3+ Kg7 40. Rxe3 Rc1+
41. Kh2 Qc7 42. Qe6 Rc2 43. Rg3 Bc8 44. Qe8 Re2 45. h4 Bf5 46. h5 b4 47. h6+ Kf6
48. Nd7+ Bxd7 49. Qxe2 Qxf4 50. Qxa6+ Kf7 51. Qa2+ Ke7 52. Qe2+ Be6 53. Qe3 Qd6
54. Kg1 b3 55. Qa7+ Qd7 56. Qc5+ Qd6 57. Qc3 Qd1+ 58. Kf2 Qc2+ 59. Qxc2 bxc2 60.
Rc3 Bf5 61. Ke3 Kf6 62. Kf4 g5+ 63. Ke3 Kg6 64. Rc6+ Kh5 65. Kd2 g4 66. g3 Bg6
67. Ke3 Kxh6 68. Kf4 Kg7 69. Kxg4 h5+ 70. Kf3 Kh6 71. Kf4 Kg7 72. Kg5 Kf7 73.
Rc7+ 1-0

[Event "AUTO-MASTER-3275"]
[Site "http://www.queenalice.com/game.php?id=1866501"]
[Date "2025.12.4"]
[Round "2"]
[White "cerenzo72"]
[Black "tariann"]
[Result "0-1"]
[WhiteElo "2201"]
[BlackElo "2314"]

1. c4 e5 2. Nc3 Nf6 3. e4 Bc5 4. Nf3 d6 5. d4 exd4 6. Nxd4 O-O 7. Be2 h6 8. O-O
Re8 9. Bf3 Bxd4 10. Qxd4 Nc6 11. Qd3 Ne5 12. Qe2 c6 13. Bf4 Qb6 14. b3 Be6 15.
Rad1 Rad8 16. Rd2 Qa5 17. Qe3 Nxf3+ 18. Qxf3 d5 19. cxd5 cxd5 20. exd5 Bf5 21.
Qg3 Nh5 22. Bc7 Nxg3 23. Bxa5 Nxf1 24. Kxf1 Rc8 25. Ne2 Bd7 26. f3 b6 27. Bb4
Bb5 28. Kf2 Rxe2+ 29. Rxe2 Bxe2 30. Kxe2 f6 31. Kd3 Kf7 32. d6 Ke6 33. a4 g6 34.
g4 Rc1 35. f4 Rh1 36. Ke4 Rxh2 37. f5+ gxf5+ 38. gxf5+ Kd7 39. Kf4 Rh4+ 0-1

[Event "AUTO-OPEN-4615"]
[Site "http://www.queenalice.com/game.php?id=1866847"]
[Date "2025.12.9"]
[Round "2"]
[White "bmax"]
[Black "tariann"]
[Result "1-0"]
[WhiteElo "2266"]
[BlackElo "2319"]

1. d4 d5 2. Nf3 e6 3. e3 Nf6 4. Bd3 c5 5. b3 Nc6 6. Bb2 Be7 7. Nbd2 O-O 8. O-O
Qc7 9. dxc5 Bxc5 10. Bxf6 gxf6 11. Nh4 e5 12. Qh5 e4 13. Qxd5 exd3 14. Qxc5 dxc2
15. Qxc2 Qe5 16. Rad1 Bg4 17. Ndf3 Qh5 18. Qe4 Ne5 19. Qxb7 Kh8 20. Rd6 Nxf3+
21. Nxf3 Qg6 22. Nh4 Qg5 23. Nf3 Qg6 24. Ne5 1-0

[Event "AUTO-OPEN-4615"]
[Site "http://www.queenalice.com/game.php?id=1866848"]
[Date "2025.12.9"]
[Round "2"]
[White "tariann"]
[Black "bmax"]
[Result "1-0"]
[WhiteElo "2293"]
[BlackElo "2276"]

1. e4 c6 2. d4 d5 3. Nc3 dxe4 4. Nxe4 Bf5 5. Ng3 Bg6 6. Nf3 Nd7 7. Bd3 Ngf6 8.
O-O e6 9. Re1 Be7 10. Bg5 O-O 11. c4 c5 12. Bxg6 fxg6 13. Rxe6 h6 14. Bxf6 Bxf6
15. d5 Bxb2 16. Rb1 Bf6 17. Rxb7 Qc8 18. Rb3 Re8 19. Rbe3 Rf8 20. Qc2 Qb7 21.
Qxg6 Rab8 22. h3 Qb1+ 23. Qxb1 Rxb1+ 24. Re1 Rfb8 25. Re8+ Rxe8 26. Rxb1 Nb6 27.
Nf5 Nxc4 28. Rb7 Ne5 29. Nxe5 Rxe5 30. Ne3 Bg5 31. d6 Bxe3 32. fxe3 Rd5 33. d7
Kf8 34. Rxa7 Ke7 35. Kf2 c4 36. Ke2 c3 37. a3 c2 38. Rc7 Rg5 39. g4 Ra5 40. Rxc2
Kxd7 41. Rc3 Kd6 42. Kf3 Ke7 43. Ke4 1-0

[Event "Challenge"]
[Site "http://www.queenalice.com/game.php?id=1867526"]
[Date "2026.1.4"]
[Round "-"]
[White "tariann"]
[Black "JORAM2205"]
[Result "0-1"]
[WhiteElo "2308"]
[BlackElo "2347"]

1. e4 e5 2. Nf3 Nc6 3. Bb5 a6 4. Bxc6 dxc6 5. O-O f6 6. c3 Qd3 7. Re1 Bc5 8. Qe2
Qxe2 9. Rxe2 Bg4 10. d3 O-O-O 11. Be3 Bxf3 12. gxf3 Bb6 13. Rd2 Ne7 14. Na3 Kd7
15. Nc4 Bxe3 16. fxe3 Ke6 17. d4 b5 18. Na3 Rhf8 19. Rad1 Rd6 20. Nc2 f5 21.
exf5+ Nxf5 22. dxe5 Kxe5 23. Kf2 c5 24. e4 Rfd8 25. Rxd6 Rxd6 26. Rxd6 Nxd6 27.
Ne3 c6 28. h4 Kf4 29. Ng2+ Ke5 30. b3 c4 31. Ke3 a5 32. f4+ Ke6 33. Kd4 cxb3 34.
axb3 a4 35. bxa4 bxa4 36. Ne3 c5+ 37. Kd3 a3 38. Nc2 a2 39. h5 c4+ 40. Ke3 Nb5
41. Kd2 Nc7 42. Ke3 h6 43. Nd4+ Kd6 0-1

[Event "Challenge"]
[Site "http://www.queenalice.com/game.php?id=1867799"]
[Date "2026.1.9"]
[Round "-"]
[White "JORAM2205"]
[Black "tariann"]
[Result "1-0"]
[WhiteElo "2336"]
[BlackElo "2319"]

1. d4 d5 2. Nf3 Nf6 3. c4 e6 4. Nc3 c5 5. cxd5 Nxd5 6. e4 Nf6 7. Be3 cxd4 8.
Nxd4 Nc6 9. Nxc6 Qxd1+ 10. Rxd1 bxc6 11. Bc4 Bb4 12. f3 O-O 13. O-O Bd7 14. Rd2
Rfd8 15. Rfd1 Bxc3 16. bxc3 Kf8 17. Bg5 1-0

[Event "AUTO-MASTER-3301"]
[Site "http://www.queenalice.com/game.php?id=1871808"]
[Date "2026.4.11"]
[Round "1"]
[White "tariann"]
[Black "cerenzo72"]
[Result "0-1"]
[WhiteElo "2216"]
[BlackElo "2146"]

1. e4 e5 2. Nf3 d6 3. Bc4 Be7 4. O-O Nf6 5. Re1 O-O 6. c3 Nc6 7. d4 exd4 8. cxd4
Bg4 9. Nc3 a6 10. h3 Bh5 11. Bf4 Bxf3 12. gxf3 Qd7 13. Kg2 b5 14. Bb3 Nh5 15.
Bg3 Bg5 16. f4 Nxf4+ 17. Bxf4 Bxf4 18. Bd5 Rae8 19. Ne2 Bh6 20. Ng3 g6 21. e5
Ne7 22. Bb7 a5 23. Ne4 Bg7 24. Rc1 Rb8 25. Ba6 Rb6 26. Nf6+ Bxf6 27. exf6 Nf5
28. Bxb5 Rxb5 29. Qa4 Nh4+ 30. Kg3 Rg5+ 31. Kxh4 Rh5+ 0-1

[Event "AUTO-MASTER-3301"]
[Site "http://www.queenalice.com/game.php?id=1871809"]
[Date "2026.4.11"]
[Round "1"]
[White "cerenzo72"]
[Black "tariann"]
[Result "0-1"]
[WhiteElo "2145"]
[BlackElo "2206"]

1. c4 Nf6 2. Nc3 e6 3. Nf3 d5 4. cxd5 Nxd5 5. e4 Nxc3 6. bxc3 c5 7. Bb2 Nc6 8.
Bb5 Bd7 9. O-O Be7 10. d4 O-O 11. e5 cxd4 12. cxd4 Qb6 13. Bxc6 Bxc6 14. Rb1 Be4
15. Qe2 Bxb1 16. Rxb1 Rac8 17. Qe4 Qc6 18. Qe3 Qc2 19. Qe1 Rc6 20. h3 Rfc8 21.
Kh2 Qd3 22. Rd1 Qf5 23. Rd2 Bb4 24. d5 exd5 25. Nd4 Bxd2 26. Qxd2 Qxe5+ 27. g3
Rc2 28. Nxc2 Qxb2 29. Qxd5 Qxc2 0-1

[Event "AUTO-MASTER-3301"]
[Site "http://www.queenalice.com/game.php?id=1871810"]
[Date "2026.4.11"]
[Round "1"]
[White "tariann"]
[Black "JailtonMaster"]
[Result "0-1"]
[WhiteElo "2188"]
[BlackElo "2146"]

1. e4 e5 2. Nf3 Nc6 3. Bb5 a6 4. Bxc6 dxc6 5. O-O Bd6 6. Re1 Bg4 7. h3 Bh5 8. c3
Nf6 9. d4 Qe7 10. Nbd2 O-O 11. Nf1 exd4 12. cxd4 Nd7 13. e5 Bb4 14. Bd2 Bxd2 15.
Qxd2 Bxf3 16. gxf3 c5 17. Ng3 cxd4 18. Qxd4 c5 19. Qe4 Rab8 20. Nf5 Qe6 21. Rad1
g6 22. Nh6+ Kg7 23. Ng4 b5 24. Rd6 Qe7 25. Rxa6 c4 26. Nf6 Nc5 27. Nd5 Qb7 28.
Rb6 Nxe4 29. Rxb7 Rxb7 30. Rxe4 Rd8 31. Nf6 Rd2 32. Rh4 h5 33. Ne8+ Kf8 34. Nd6
Ra7 35. Rf4 Rxb2 36. e6 f5 37. Nc8 Raxa2 38. Rd4 Rd2 39. e7+ Ke8 40. Rd8+ Rxd8
0-1

[Event "AUTO-MASTER-3301"]
[Site "http://www.queenalice.com/game.php?id=1871811"]
[Date "2026.4.11"]
[Round "1"]
[White "JailtonMaster"]
[Black "tariann"]
[Result "1-0"]
[WhiteElo "2132"]
[BlackElo "2202"]

1. d4 d5 2. c4 e6 3. Nc3 Nf6 4. Nf3 c5 5. cxd5 Nxd5 6. e4 Nxc3 7. bxc3 cxd4 8.
cxd4 Bb4+ 9. Bd2 Nc6 10. Bxb4 Nxb4 11. Be2 O-O 12. Qb3 Nc6 13. Rd1 Qa5+ 14. Rd2
Rd8 15. O-O Qc7 16. d5 exd5 17. exd5 Ne7 18. Rc2 Qd6 19. Rd1 Bf5 20. Rcd2 b6 21.
Nd4 Bg6 22. Nb5 Qe5 23. d6 Nc6 24. Bf3 Be4 25. Re1 Qg5 26. Bxe4 Qxd2 27. Rd1 Qf4
28. Bxc6 Rac8 29. Bd5 Rc5 30. Nc3 Rxd6 31. Re1 h6 32. Bxf7+ Qxf7 33. Re8+ Kh7
34. Qxf7 Rxc3 35. Qf5+ 1-0

[Event "AUTO-MASTER-3301"]
[Site "http://www.queenalice.com/game.php?id=1871812"]
[Date "2026.4.11"]
[Round "1"]
[White "tariann"]
[Black "josebaron"]
[Result "0-1"]
[WhiteElo "2175"]
[BlackElo "2204"]

1. e4 e5 2. Nf3 Nc6 3. Bb5 d6 4. O-O Nf6 5. Re1 Be7 6. h3 Bd7 7. c3 O-O 8. d4
exd4 9. cxd4 a6 10. Ba4 Re8 11. Nbd2 b5 12. Bb3 Na5 13. Bc2 c5 14. Nf1 cxd4 15.
Nxd4 Nc4 16. Ng3 Ne5 17. Ngf5 Rc8 18. Bg5 Bxf5 19. Nxf5 Bf8 20. Bb3 Nc4 21. Qe2
h6 22. Bxf6 Qxf6 23. Rac1 Ne5 24. Qe3 Rxc1 25. Rxc1 Nc4 26. Bxc4 bxc4 27. Rxc4
Qxb2 28. Qd4 Qxa2 29. Rc6 Qb1+ 30. Kh2 Qxe4 31. Qxe4 Rxe4 32. Rxa6 d5 33. Ra8 h5
34. Rd8 g6 35. Ng3 Re5 36. f4 Re1 37. Rxd5 h4 38. Nh1 Rf1 39. g3 hxg3+ 40. Nxg3
Rxf4 41. Kg2 Kg7 42. Ne2 Rb4 43. Kf3 Rb3+ 44. Kg4 f5+ 45. Kf4 Kf6 46. h4 Bh6#
0-1

[Event "AUTO-MASTER-3301"]
[Site "http://www.queenalice.com/game.php?id=1871813"]
[Date "2026.4.11"]
[Round "1"]
[White "josebaron"]
[Black "tariann"]
[Result "1/2-1/2"]
[WhiteElo "2208"]
[BlackElo "2164"]

1. e4 e5 2. Nf3 Nc6 3. Bb5 Nf6 4. Bxc6 dxc6 5. Nxe5 Qd4 6. Nf3 Qxe4+ 7. Qe2 Bg4
8. Qxe4+ Nxe4 9. d3 Nf6 10. Ne5 Bc5 11. Nxg4 Nxg4 12. O-O O-O 13. h3 Nf6 14. Be3
Bb6 15. Nc3 Nd5 16. Nxd5 cxd5 17. Bxb6 axb6 18. Rfe1 Rfe8 19. Kf1 Re6 20. a4
Rae8 21. Rxe6 fxe6 22. d4 Kf7 23. f4 Kf6 24. Kf2 h5 25. Kf3 g5 26. g3 gxf4 27.
g4 hxg4+ 28. hxg4 Rh8 29. Kxf4 Rh2 30. Rc1 c6 31. b3 c5 32. c4 Rf2+ 33. Kg3 Rb2
34. cxd5 Rxb3+ 35. Kf4 Rb4 36. g5+ Kg6 37. dxe6 Rxd4+ 38. Ke5 Rxa4 39. Re1 Ra8
40. Kd6 c4 41. Kd7 b5 42. e7 b4 43. e8=Q+ Rxe8 44. Kxe8 c3 45. Rc1 Kxg5 46. Ke7
Kf4 47. Kd6 Ke3 48. Kc5 Kd2 1/2-1/2